Comparaciones económica y estructural de los entrepisos usados en Costa Rica.

Salvato in:
Dettagli Bibliografici
Autore principale: Aguilar Vega, José Gaston
Natura: Libro
Pubblicazione: San José, Costa Rica 1994
Soggetti:
Tags: Aggiungi Tag
Nessun Tag, puoi essere il primo ad aggiungerne!!

MARC

LEADER 00000nam a2200000Ia 4500
003 007479
005 20221231144301.0
008 140114s1999 cr a m 000 ||s d
040 |c cru CEDI 
090 |a TFG 3180 
100 |a Aguilar Vega, José Gaston  |9 11203 
245 |a Comparaciones económica y estructural de los entrepisos usados en Costa Rica. 
260 |c 1994  |a San José, Costa Rica 
300 |a xii, 122 hojas : ilustraciones.  
500 |a  Proyecto de graduación (licenciatura en ingeniería civil)--Universidad de Costa Rica. Facultad de Ingeniería. Escuela de Ingeniería Civil 
650 |x ANALISIS ESTRUCTURAL (INGENIERIA)   |x PISOS (CONSTRUCCION)   |x LOSAS DE HORMIGON  |9 11204 
942 |c TFG  |2 ddc 
999 |c 19581  |d 19581